00411nam a2200169Ia 4500003000400000008004100004040001600045082002100061100001700082245003400099260003900133300000800172650001500180650001300195650001000208650002300218GCL140319s9999 xx 000 0 eng d aGCL / cGCL04aCHb823.087bS B1 aSEWELL, ANNA10aBLACK BEAUTY / cSEWELL, ANNA a[S.N] : bPETER HODDOCK PUBLISHING a23204aLITERATURE04aCHILDREN04aTALES04aCHILDREN - STORIES